Vizualizácia a monitoring údajov z edge zariadenia pomocou Meta Quest v prostredí zmiešanej reality

Uložené v:
Podrobná bibliografia
Hlavný autor: Šúňava, Dušan (Autor)
Ďalší autori: Beňo, Lukáš (Vedúci práce)
Médium: Rukopis Kniha
Jazyk:Slovak
Vydavateľské údaje: 2025
Predmet:
On-line prístup:http://is.stuba.sk/zp/portal_zp.pl?podrobnosti=184431
Tagy: Pridať tag
Žiadne tagy, Buďte prvý, kto otaguje tento záznam!

MARC

LEADER 00000ntm a22000003a 4500
001 stuzp103628
003 SK-STU
005 20250614212111.7
007 ta
008 150427s2015----xo-----f-mn---000-0-slo-d
040 |a STU  |b slo 
041 0 |a slo 
100 1 |a Šúňava, Dušan  |u 030400  |4 aut  |U FEI Fakulta elektrotechniky a informatiky  |T FEI Ústav automobilovej mechatroniky  |X 111465  |U E400  |Y 642  |7 111465 
242 0 1 |a Visualization and monitoring of data from a edge device using Meta Quest in a mixed reality environment  |y eng 
245 1 0 |a Vizualizácia a monitoring údajov z edge zariadenia pomocou Meta Quest v prostredí zmiešanej reality 
260 |c 2025 
650 4 |a REST  |2 eng 
650 4 |a websocket  |2 eng 
650 4 |a Internet of Things  |2 eng 
650 4 |a edge devices  |2 eng 
650 4 |a mixed reality  |2 eng 
650 4 |a REST  |2 slo 
650 4 |a websocket  |2 slo 
650 4 |a edge zariadenia  |2 slo 
650 4 |a rozšírená realita  |2 slo 
650 4 |a internet vecí  |2 slo 
700 1 |a Beňo, Lukáš  |u 030400  |k Z8  |4 ths  |U FEI Fakulta elektrotechniky a informatiky  |T FEI Ústav automobilovej mechatroniky  |X 72774  |U E400  |Y 642  |7 72774 
856 4 |u http://is.stuba.sk/zp/portal_zp.pl?podrobnosti=184431